Movies Quiz

Random Movies or Actress Quiz

Ends in 'O' Movies Quiz Stats

 Plays Quiz Updated Dec 1, 2020

Support Sporcle.
Go Orange.
Score 0/24 Timer 06:00
0 Plays Today
Actor/Actress in Movie Movie % Correct
Elliot PageJuno
71.6%
Ben AffleckArgo
68.2%
Janet LeighPsycho
63%
William H. MacyFargo
59.6%
Sylvester StalloneRambo
59.2%
Johnny Depp*Rango
53.5%
Guy PearceMemento
47.7%
Al PacinoSerpico
45.5%
Jimmy StewartVertigo
43.7%
Alain DelonZorro
40.4%
Sterling Holloway*Dumbo
39.8%
Renee ZellwegerChicago
37.7%
Actor/Actress in Movie Movie % Correct
Arnold SchwarzeneggerCommando
36.2%
Antonio BanderasDesperado
31.3%
Robert De NiroCasino
27.4%
Michael MooreSicko
24.5%
Roberto BenigniPinocchio
21%
Jesse Eisenberg*Rio
20.4%
Cuba Gooding Jr.Radio
19.8%
Asa ButterfieldHugo
15.9%
Bo DerekBolero
15.4%
Kevin CostnerSilverado
13.1%
Tommy Lee JonesVolcano
8.4%
Eddie MurphyMetro
6.1%

You're not logged in!

Compare scores with friends on all Sporcle quizzes.
OR
Log In

From the Vault

10 to 1: Rock and Roll Hall of Fame

by senordingdong

For those about to rock, this quiz salutes you.
Remove Ads.
Support Sporcle.
Get the best of Sporcle when you Go Orange. This ad-free experience offers more features, more stats, and more fun while also helping to support Sporcle. Thank you for becoming a member.

Show Comments

Extras

Top Quizzes Today


Score Distribution

Your Account Isn't Verified!

In order to create a playlist on Sporcle, you need to verify the email address you used during registration. Go to your Sporcle Settings to finish the process.

Report this User

Report this user for behavior that violates our Community Guidelines.

Details: